Catalog

Record Details

Catalog Search



The lynching : the epic courtroom battle that brought down the Klan  Cover Image CD Audiobook CD Audiobook

The lynching : the epic courtroom battle that brought down the Klan / Lawrence Leamer.

Leamer, Laurence, (author.). Hillgartner, Malcolm, (narrator.).

Summary:

On a Friday night in March 1981 Henry Hays and James Knowles scoured the streets of Mobile in their car, hunting for a black man. The young men were members of Klavern 900 of the United Klans of America. They were seeking to retaliate after a largely black jury could not reach a verdict in a trial involving a black man accused of the murder of a white man. The two Klansmen found nineteen-year-old Michael Donald walking home alone. Hays and Knowles abducted him, beat him, cut his throat, and left his body hanging from a tree branch in a racially-mixed residential neighborhood.Arrested, charged, and convicted, Hays was sentenced to deaththe first time in nearly a century that the state of Alabama had found a white man guilty of killing a black man. On behalf of Michaels grieving mother, Morris Dees, the legendary civil rights lawyer and co-founder of the Southern Poverty Law Center, filed a civil suit against the members of the local Klan unit involved and the UKA, the largest Klan organization. Charging them with conspiracy, Dees put the Klan on trial, resulting in a verdict that would level a deadly blow to its organization.

Record details

  • ISBN: 9781504735971
  • ISBN: 1504735978
  • ISBN: 9781504735988
  • ISBN: 1504735986
  • Physical Description: 9 audio discs (10 hours, 18 minutes) : CD audio, digital ; 4 3/4 in.
  • Edition: Unabridged.
  • Publisher: [New York] : Harper Audio, ℗2016
  • Manufacturer: [Ashland, Oregon] : Blackstone Audio, Inc.

Content descriptions

General Note:
Compact discs.
Participant or Performer Note:
Read by Malcolm Hillgartner.
Subject: Donald, Michael, 1961-1981.
Dees, Morris.
United Klans of America > Trials, litigation, etc.
Ku Klux Klan (1915- ) > Alabama > History.
Lynching > Alabama > History > 20th century.
Racism > Alabama > History > 20th century.
Alabama > Race relations > History > 20th century.
Genre: Audiobooks.

LDR 03000nim a2200517Ki 4500
001141935
003CONS
00520160810140851.0
007sd fungnnmmneu
008160303t20162016nyunnnng h n eng d
020 . ‡a9781504735971 ‡q(audiobook)
020 . ‡a1504735978 ‡q(audiobook)
020 . ‡a9781504735988 ‡q(audiobook)
020 . ‡a1504735986 ‡q(audiobook)
02802. ‡aZPbx8f ‡bBlackstone Audiobooks
035 . ‡a(CPomAG)LMN596098
043 . ‡an-us-al
050 4. ‡aHV6465.A2 ‡bL43 2016ab
08204. ‡a364.1/34 ‡223
1001 . ‡aLeamer, Laurence, ‡eauthor.
24514. ‡aThe lynching : ‡bthe epic courtroom battle that brought down the Klan / ‡cLawrence Leamer.
250 . ‡aUnabridged.
264 1. ‡a[New York] : ‡bHarper Audio, ‡c℗2016
264 3. ‡a[Ashland, Oregon] : ‡bBlackstone Audio, Inc.
300 . ‡a9 audio discs (10 hours, 18 minutes) : ‡bCD audio, digital ; ‡c4 3/4 in.
306 . ‡a101800
336 . ‡aspoken word ‡bspw ‡2rdacontent
337 . ‡aaudio ‡bs ‡2rdamedia
338 . ‡aaudio disc ‡bsd ‡2rdacarrier
344 . ‡adigital ‡boptical ‡2rda
347 . ‡aaudio file ‡bCD audio ‡2rda
500 . ‡aCompact discs.
5110 . ‡aRead by Malcolm Hillgartner.
520 . ‡aOn a Friday night in March 1981 Henry Hays and James Knowles scoured the streets of Mobile in their car, hunting for a black man. The young men were members of Klavern 900 of the United Klans of America. They were seeking to retaliate after a largely black jury could not reach a verdict in a trial involving a black man accused of the murder of a white man. The two Klansmen found nineteen-year-old Michael Donald walking home alone. Hays and Knowles abducted him, beat him, cut his throat, and left his body hanging from a tree branch in a racially-mixed residential neighborhood.Arrested, charged, and convicted, Hays was sentenced to deaththe first time in nearly a century that the state of Alabama had found a white man guilty of killing a black man. On behalf of Michaels grieving mother, Morris Dees, the legendary civil rights lawyer and co-founder of the Southern Poverty Law Center, filed a civil suit against the members of the local Klan unit involved and the UKA, the largest Klan organization. Charging them with conspiracy, Dees put the Klan on trial, resulting in a verdict that would level a deadly blow to its organization.
60010. ‡aDonald, Michael, ‡d1961-1981.
60010. ‡aDees, Morris.
61020. ‡aUnited Klans of America ‡xTrials, litigation, etc.
61020. ‡aKu Klux Klan (1915- ) ‡zAlabama ‡xHistory.
650 0. ‡aLynching ‡zAlabama ‡xHistory ‡y20th century.
650 0. ‡aRacism ‡zAlabama ‡xHistory ‡y20th century.
651 0. ‡aAlabama ‡xRace relations ‡xHistory ‡y20th century.
655 7. ‡aAudiobooks. ‡2lcgft
914 . ‡aSCP_pc
7001 . ‡aHillgartner, Malcolm, ‡enarrator.
959 . ‡i32269000997927 ‡lBK/CD Lea ‡aAdult - Audiobook ‡tAudiobook ‡g50.00
852 . ‡p32269000997927 ‡jBK/CD Lea ‡gAdult - Audiobook ‡cAudiobook ‡y50.00 ‡bSBPL
901 . ‡a141935 ‡bUnknown ‡c141935 ‡tbiblio

Additional Resources